| 000 | 01147nam a22002537a 4500 | ||
|---|---|---|---|
| 001 | 4758 | ||
| 003 | FISKH | ||
| 005 | 20241009093527.0 | ||
| 008 | 241009b cb ||||| |||| 00| 0 eng d | ||
| 020 | _a9781407139555 | ||
| 040 |
_aFISKH _beng _cFISKH _dFISKH |
||
| 082 | _a823.92 | ||
| 100 | _aCollins, Poppy | ||
| 245 |
_aButtercup in glitter ocean (fashion fairy princess) / _cPoppy Collins |
||
| 250 | _aFirst published in 2014 | ||
| 260 |
_aLondon : _bScholastic, _c2014. |
||
| 300 |
_a86 pages : _billustrations ; _c20 cm |
||
| 520 | _aThe fairy princesses' friends are having a party in Glitter Ocean. They're so excited and set off in a pearl-encrusted shell boat, wearing full-length mermaid gowns. But then the boat gets caught in a glitter storm! Luckily, Buttercup calls out to some friendly seahorses, who give the fairy princesses a ride to the Coral Castle deep in the sparkly sea. But their clothes have been ruined on the hazardous journey! Can they get ready for the party in time? | ||
| 650 |
_2Rainbow _aFashion |
||
| 650 |
_2Fairy _aOcean |
||
| 700 |
_aShephard, David _dIllustrator |
||
| 942 |
_2ddc _cBK _n0 |
||
| 999 |
_c4758 _d4758 |
||